000
00312nam a22001457a 4500
008
221212b ||||| |||| 00| 0 eng d
020
_a
9780716703688
041
_a
eng
080
_a
159.9
082
_a
159.9 MAS
100
_a
25
101
_a
PSI
245
_a
PSYCHOPATHOLOGY
_c
MASER.D.J
942
_2
udc
_c
BK
999
_c
59159
_d
59159